000 00663nam a22001817a 4500
020 _qHard Cover.
082 _a621.3
100 _aKhurram Shahrukh ; Muhammad Raheel Masroo ; Ahad Majid
245 _aMaintenance System for Solar Power Generation /
_cKhurram Shahrukh ; Muhammad Raheel Masroo ; Ahad Majid
260 _aIslamabad :
_bSEECS - NUST,
300 _a57 p. : ill. ;
_c30cm.
563 _aa
650 _aElectrical Engineering-Project Report.
_930780
700 _aDr. Salamn Abdul Ghafoor.
_930911
856 _uhttp://10.250.8.41:8080/xmlui/handle/123456789/28324
942 _2ddc
_cPR
999 _c535955
_d535955